[Event "Titled Tue 20th May Early"]
[Site "chess.com INT"]
[Date "2025.05.20"]
[Round "6"]
[White "Shymanskyi, Oleksandr"]
[Black "Srihari, L"]
[Result "0-1"]
[WhiteTitle "FM"]
[BlackTitle "IM"]
[WhiteElo "2218"]
[BlackElo "2353"]
[WhiteFideId "14168880"]
[BlackFideId "46642056"]
[EventDate "2025.05.20"]

1. e4 c6 2. d4 d5 3. e5 c5 4. dxc5 e6 5. c3 Nd7 6. Nd2 Bxc5 7. Ngf3 Qb6 8. Qe2
Qa6 9. Qxa6 bxa6 10. Nb3 Bb6 11. Bd3 Ne7 12. Ke2 Nc6 13. Bf4 f6 14. exf6 gxf6
15. Be3 e5 16. Bf5 a5 17. a4 Ba6+ 18. Kd2 Rb8 19. Kc2 e4 20. Bxd7+ Kxd7 21. Bxb6
Bd3+ 22. Kd2 Rxb6 23. Nc5+ Kd6 24. Nxd3 exd3 25. Ra2 Rhb8 26. Rb1 Ne5 27. Nxe5
fxe5 28. Kxd3 Kc5 29. b4+ axb4 30. cxb4+ Rxb4 31. Rc2+ Kd6 32. Rbc1 e4+ 33. Ke3
Rb3+ 34. Ke2 Ke5 35. Rc7 Rb2+ 36. Kd1 Rxf2 37. Rxa7 Rbb2 38. Ke1 Rxg2 39. Kf1
Rxh2 40. Kg1 Rbg2+ 41. Kf1 Rh1+ 42. Kxg2 Rxc1 43. Rxh7 Ra1 44. Ra7 Kd4 45. a5
Kd3 46. Ra8 e3 47. Kf3 e2 48. Re8 e1=Q 0-1

[Event "Titled Tue 20th May Early"]
[Site "chess.com INT"]
[Date "2025.05.20"]
[Round "6"]
[White "Csonka, Balazs"]
[Black "Javakhadze, Zurab"]
[Result "1-0"]
[WhiteTitle "IM"]
[BlackTitle "IM"]
[WhiteElo "2469"]
[BlackElo "2412"]
[WhiteFideId "742910"]
[BlackFideId "13603647"]
[EventDate "2025.05.20"]

1. d4 Nf6 2. c4 e6 3. Nf3 b6 4. a3 Bb7 5. Bf4 d5 6. cxd5 Nxd5 7. Bg3 Be7 8. Qc2
c5 9. e4 Nf6 10. Bb5+ Nbd7 11. d5 exd5 12. exd5 Bxd5 13. Nc3 Bxf3 14. gxf3 O-O
15. O-O-O Qc8 16. Rhe1 Re8 17. Qa4 a6 18. Bxd7 Nxd7 19. Nd5 Bg5+ 20. f4 Rxe1 21.
Rxe1 Bf6 22. f5 Qd8 23. Nc7 Rc8 24. Re8+ Qxe8 25. Nxe8 Rxe8 26. Qxd7 Rd8 27. Qc7
Bg5+ 28. Kb1 Bf6 29. Qxb6 c4 30. Be5 Be7 31. f6 gxf6 32. Bxf6 Rd6 33. Qb8+ Bf8
34. Be7 1-0

[Event "Titled Tue 20th May Early"]
[Site "chess.com INT"]
[Date "2025.05.20"]
[Round "6"]
[White "Toroptseva, Yevheniia"]
[Black "Thorhallsson, Simon"]
[Result "1-0"]
[WhiteTitle "WFM"]
[BlackTitle "FM"]
[WhiteElo "2064"]
[BlackElo "2218"]
[WhiteFideId "34109374"]
[BlackFideId "2310090"]
[EventDate "2025.05.20"]

1. e4 g6 2. d4 Bg7 3. Nc3 d6 4. Be3 a6 5. Qd2 b5 6. a3 Bb7 7. O-O-O Nd7 8. f3 c6
9. g4 Qc7 10. h4 h5 11. gxh5 Rxh5 12. Nge2 Ngf6 13. Ng3 Rh8 14. f4 Ng4 15. Bg2
Nxe3 16. Qxe3 e5 17. dxe5 dxe5 18. Bh3 Nb6 19. Nge2 Nc4 20. Qc5 Bf8 21. Qf2 exf4
22. Kb1 Bg7 23. Nxf4 Qe5 24. Bd7+ Ke7 25. Rhf1 Rhf8 26. Bg4 Nxa3+ 27. Kc1 Bc8
28. Bxc8 Raxc8 29. Qa7+ Rc7 30. Nfd5+ cxd5 31. Nxd5+ Ke8 32. Nxc7+ Qxc7 33. Qxc7
Bh6+ 34. Rd2 Nc4 35. Qc8+ Ke7 36. Qd7# 1-0

[Event "Titled Tue 20th May Early"]
[Site "chess.com INT"]
[Date "2025.05.20"]
[Round "6"]
[White "Ter-Sahakyan, Samvel"]
[Black "Rahman, Masruri"]
[Result "0-1"]
[WhiteTitle "GM"]
[BlackTitle "FM"]
[WhiteElo "2611"]
[BlackElo "2407"]
[WhiteFideId "13302531"]
[BlackFideId "7101163"]
[EventDate "2025.05.20"]

1. d4 Nf6 2. c4 e6 3. Nc3 Bb4 4. g3 O-O 5. Bg2 d5 6. Nf3 dxc4 7. O-O c5 8. a3
Bxc3 9. bxc3 Qa5 10. Qc2 Nc6 11. a4 Rd8 12. Rd1 cxd4 13. Nxd4 Bd7 14. Nb5 e5 15.
Nd6 Qc7 16. Rb1 Rab8 17. Ba3 Be6 18. Rd2 a6 19. Rbd1 Rd7 20. h3 Rbd8 21. g4 h6
22. Qb2 Ne8 23. Ne4 Rxd2 24. Rxd2 Rxd2 25. Qxd2 Nd8 26. Nc5 Bc8 27. Qd5 Nf6 28.
Qd2 Ne6 29. Nxe6 Bxe6 30. Bb4 a5 31. Bd6 Qd7 32. f4 exf4 33. Qxf4 Qxa4 34. Bxb7
Qd1+ 35. Kf2 Bd5 36. Bc8 Ne4+ 37. Ke3 Qg1+ 0-1

[Event "Titled Tue 20th May Early"]
[Site "chess.com INT"]
[Date "2025.05.20"]
[Round "6"]
[White "Moghaddamian, Afshin"]
[Black "Cernov, Henrik"]
[Result "0-1"]
[WhiteTitle "CM"]
[BlackTitle "FM"]
[WhiteElo "2126"]
[BlackElo "2325"]
[WhiteFideId "12503886"]
[BlackFideId "16258312"]
[EventDate "2025.05.20"]

1. Nf3 Nf6 2. g3 g6 3. Bg2 Bg7 4. O-O O-O 5. c4 d6 6. d4 Nc6 7. Nc3 e5 8. d5 Nb8
9. e4 a5 10. Ne1 Na6 11. Nd3 b6 12. a3 Nc5 13. b3 Ne8 14. Rb1 f5 15. b4 axb4 16.
axb4 Nxd3 17. Qxd3 f4 18. c5 bxc5 19. bxc5 Ba6 20. Nb5 dxc5 21. Qc4 Nd6 22. Qxc5
Rb8 23. Nc3 Rxb1 24. Nxb1 Bxf1 25. Bxf1 Nxe4 26. Qc4 Nd6 27. Qc2 Qf6 28. Nc3
fxg3 29. hxg3 e4 30. Nd1 Nf5 31. Bf4 Nd4 32. Qxc7 Nf3+ 33. Kg2 g5 34. Bd6 Ne1+
35. Kg1 Rf7 36. Qc8+ Bf8 37. Bxf8 Rxf8 38. Qc4 Nf3+ 39. Kg2 Qh6 0-1

[Event "Titled Tue 20th May Early"]
[Site "chess.com INT"]
[Date "2025.05.20"]
[Round "6"]
[White "Katishonok, Nikolaj"]
[Black "Boramanikar, Tanisha S"]
[Result "1-0"]
[WhiteTitle "FM"]
[BlackTitle "WCM"]
[WhiteElo "2004"]
[BlackElo "1743"]
[WhiteFideId "11600225"]
[BlackFideId "35023454"]
[EventDate "2025.05.20"]

1. Nf3 d5 2. c4 Nf6 3. cxd5 Nxd5 4. Nc3 e6 5. e4 Nxc3 6. bxc3 Be7 7. d4 c5 8.
Bb5+ Nc6 9. O-O O-O 10. d5 Nb8 11. Bf4 a6 12. Be2 Bd6 13. e5 Bc7 14. c4 b5 15.
d6 Bb6 16. cxb5 Bb7 17. Rb1 a5 18. a4 Nd7 19. Bc4 h6 20. Qd3 Ba7 21. Rfe1 Nb6
22. Nd2 Nxa4 23. Ne4 Nb6 24. Nxc5 Nxc4 25. Nxb7 Qb6 26. Qxc4 Qxb7 27. b6 Rac8
28. Qb5 Bb8 29. Qxa5 Rc2 30. Rec1 Qe4 31. Be3 Rfc8 32. Rxc2 Rxc2 33. Rd1 Qg4 34.
Qa1 Kh7 35. h3 Qg6 36. d7 Re2 37. d8=Q Bxe5 1-0

[Event "Titled Tue 20th May Early"]
[Site "chess.com INT"]
[Date "2025.05.20"]
[Round "6"]
[White "Barrientos, Ernesto"]
[Black "Vlassov, Nikolai"]
[Result "0-1"]
[WhiteTitle "CM"]
[BlackTitle "IM"]
[WhiteElo "2027"]
[BlackElo "2291"]
[WhiteFideId "3701247"]
[BlackFideId "4103360"]
[EventDate "2025.05.20"]

1. e4 Nc6 2. Nf3 d5 3. e5 Bg4 4. d4 Bxf3 5. gxf3 e6 6. c3 Nce7 7. Qb3 Qc8 8. Nd2
c5 9. Bb5+ Nc6 10. Nf1 Ne7 11. Be3 a6 12. Be2 Nf5 13. Ng3 cxd4 14. cxd4 Nfxd4
15. Bxd4 Nxd4 16. Qa4+ Nc6 17. f4 Bb4+ 18. Kf1 O-O 19. Rg1 Be7 20. Bd3 Qd7 21.
Qc2 g6 22. Re1 Kh8 23. a3 f6 24. Re3 fxe5 25. fxe5 Rf7 26. Bxg6 hxg6 27. Qxg6
Raf8 28. Nf5 Rh7 29. Rh3 Bc5 30. Rgg3 exf5 31. e6 Qe7 32. Rh5 Ne5 0-1

[Event "Titled Tue 20th May Early"]
[Site "chess.com INT"]
[Date "2025.05.20"]
[Round "6"]
[White "Arakelyan, Manvel"]
[Black "Altynbek, Aiaru"]
[Result "0-1"]
[WhiteTitle "FM"]
[BlackTitle "WFM"]
[WhiteElo "2326"]
[BlackElo "1977"]
[WhiteFideId "13317415"]
[BlackFideId "13752472"]
[EventDate "2025.05.20"]

1. e4 c6 2. d4 d5 3. Nd2 dxe4 4. Nxe4 Nf6 5. Nxf6+ exf6 6. c3 Bd6 7. Bd3 O-O 8.
Qc2 Re8+ 9. Ne2 h5 10. Be3 Nd7 11. O-O-O Nf8 12. c4 h4 13. Kb1 Be6 14. Nc3 Bb4
15. a3 Bxc3 16. Qxc3 b5 17. cxb5 cxb5 18. Bxb5 Qd5 19. Bc6 Qa2+ 20. Kc2 Rac8 21.
d5 Bf5+ 22. Kd2 Rb8 23. Bxe8 Rxb2+ 24. Ke1 Rc2 25. Qd4 h3 26. Kf1 hxg2+ 27. Kxg2
Rc4 28. Qd2 Rg4+ 29. Kf3 Qc4 30. Rhg1 Rh4 31. Rg3 Be4# 0-1

[Event "Titled Tue 20th May Early"]
[Site "chess.com INT"]
[Date "2025.05.20"]
[Round "6"]
[White "Krishnan, Varun"]
[Black "Pakleza, Zbigniew"]
[Result "1-0"]
[WhiteTitle "IM"]
[BlackTitle "GM"]
[WhiteElo "2370"]
[BlackElo "2484"]
[WhiteFideId "5054508"]
[BlackFideId "1119290"]
[EventDate "2025.05.20"]

1. d4 d6 2. e4 Nf6 3. Nc3 c6 4. Be3 Qb6 5. a3 Ng4 6. Nf3 Nxe3 7. fxe3 e6 8. Bd3
Be7 9. O-O Nd7 10. b4 O-O 11. Ne2 d5 12. e5 f6 13. exf6 Bxf6 14. Kh1 Qd8 15. Nf4
Qe8 16. c4 e5 17. dxe5 Nxe5 18. Nxe5 Bxe5 19. Rc1 dxc4 20. Bxc4+ Kh8 21. Nd3
Rxf1+ 22. Qxf1 Bf6 23. e4 Be6 24. e5 Bg5 25. Rc2 Bxc4 26. Rxc4 Rd8 27. h4 Be3
28. Re4 Bb6 29. e6 Kg8 30. e7 Rd7 31. Qe2 Bd4 32. Nf4 Bf6 33. Qc4+ Kh8 34. Qf7 1-0

[Event "Titled Tue 20th May Early"]
[Site "chess.com INT"]
[Date "2025.05.20"]
[Round "6"]
[White "Deveci, Huseyin Said"]
[Black "Momunaliev, Ruslan"]
[Result "0-1"]
[WhiteTitle "CM"]
[BlackTitle "CM"]
[WhiteElo "2212"]
[BlackElo "2213"]
[WhiteFideId "26322455"]
[BlackFideId "13812211"]
[EventDate "2025.05.20"]

1. Nf3 d5 2. c4 c6 3. cxd5 cxd5 4. g3 Nf6 5. Bg2 Nc6 6. O-O e5 7. d4 e4 8. Ne5
Bd6 9. f4 O-O 10. Nc3 Qe7 11. Rb1 Nxd4 12. e3 Nc6 13. Nxd5 Nxd5 14. Qxd5 Bxe5
15. fxe5 Nxe5 16. Qxe4 Re8 17. Bd2 Bd7 18. Qxb7 Rab8 19. Qxa7 Nc4 20. Bc3 Nxe3
21. Rbe1 Bb5 22. Qxe7 Rxe7 23. Rf3 Rbe8 24. Bh3 Bc6 25. Rf4 Nd5 26. Rxe7 Rxe7
27. Rc4 Bb7 28. Bg2 Ne3 29. Rd4 h5 30. Bxb7 Rxb7 31. Kf2 Nf5 32. Rd8+ Kh7 33. h3
Kg6 34. g4 hxg4 35. hxg4 Ne7 36. Re8 Nd5 37. Bd4 Rb4 38. Be5 Rxg4 39. b3 Re4 40.
Kf3 Kf5 41. Bxg7 Rxe8 0-1

[Event "Titled Tue 20th May Early"]
[Site "chess.com INT"]
[Date "2025.05.20"]
[Round "6"]
[White "Erece, Ece Alkim"]
[Black "Torres Rebolledo, Alvaro"]
[Result "1-0"]
[WhiteTitle "WCM"]
[BlackTitle "FM"]
[WhiteElo "1843"]
[BlackElo "2336"]
[WhiteFideId "6346006"]
[BlackFideId "54587670"]
[EventDate "2025.05.20"]

1. e4 d6 2. d4 g6 3. Bd3 Bg7 4. c3 Nf6 5. Nf3 O-O 6. h3 c6 7. O-O a5 8. a4 e5 9.
dxe5 dxe5 10. Nxe5 Nxe4 11. Nxf7 Qh4 12. Bxe4 Rxf7 13. Qd3 Nd7 14. Nd2 Nc5 15.
Qe2 Bxh3 16. gxh3 Re8 17. f3 Bh6 18. Nc4 Nxe4 19. Bxh6 Nf6 20. Qd2 Qxc4 21. Rae1
Qc5+ 22. Be3 Qf5 23. Qg2 Nd5 24. Bd2 Ref8 25. Qg4 Qd3 26. Bh6 Rd8 27. Qe4 Qxe4
28. fxe4 Rf2 29. Rxf2 Ne7 30. Bg5 Re8 31. Bxe7 Rxe7 32. Rd2 Kg7 33. e5 Re6 34.
Rd7+ Kh6 35. Rxb7 Re8 36. Rc7 1-0

[Event "Titled Tue 20th May Early"]
[Site "chess.com INT"]
[Date "2025.05.20"]
[Round "6"]
[White "Lisenkov, Svyatoslav"]
[Black "Pulpan, Jakub"]
[Result "0-1"]
[WhiteTitle "CM"]
[BlackTitle "IM"]
[WhiteElo "2241"]
[BlackElo "2405"]
[WhiteFideId "34264183"]
[BlackFideId "302759"]
[EventDate "2025.05.20"]

1. e4 Nc6 2. Nf3 d6 3. d4 Nf6 4. Nc3 Bg4 5. Be2 Bxf3 6. Bxf3 e5 7. d5 Nd4 8. Be3
Nxf3+ 9. Qxf3 g6 10. g4 Bg7 11. h3 h5 12. g5 Nd7 13. h4 a6 14. O-O-O Qe7 15. Kb1
O-O 16. Ne2 c5 17. Ng3 b5 18. Nxh5 gxh5 19. Qxh5 f5 20. exf5 Rxf5 21. Qg4 Raf8
22. Qe4 Rf4 23. Bxf4 Rxf4 24. Qe3 Kh8 25. h5 Qxg5 26. Rdg1 Qf5 27. h6 Bf8 28.
Qg3 Nf6 29. Qg7+ Bxg7 30. hxg7+ Kg8 31. Rh8+ Kf7 32. Rf8+ Ke7 33. Rxf6 Rg4 34.
g8=N+ Rxg8 0-1

[Event "Titled Tue 20th May Early"]
[Site "chess.com INT"]
[Date "2025.05.20"]
[Round "6"]
[White "Winkels, Marcel"]
[Black "Rose, Felix"]
[Result "1-0"]
[WhiteTitle "CM"]
[BlackTitle "CM"]
[WhiteElo "1918"]
[BlackElo "2093"]
[WhiteFideId "1003887"]
[BlackFideId "5105722"]
[EventDate "2025.05.20"]

1. e4 c5 2. Nf3 Nc6 3. d4 cxd4 4. Nxd4 Nf6 5. Nc3 e5 6. Ndb5 d6 7. Bg5 a6 8. Na3
b5 9. Nab1 Be7 10. Bxf6 Bxf6 11. Nd5 Bg5 12. a4 b4 13. Bc4 Be6 14. O-O O-O 15.
c3 a5 16. Nd2 bxc3 17. bxc3 Ne7 18. Nf3 Bh6 19. Qd3 Rc8 20. Rfd1 Bxd5 21. Bxd5
Nxd5 22. Qxd5 Rxc3 23. Qxd6 Qxd6 24. Rxd6 Rc4 25. Nxe5 Rxe4 26. Nc6 Rc8 27. f3
Be3+ 28. Kh1 Bc5 29. Rd8+ Rxd8 30. Nxd8 Rb4 31. Rc1 Be3 32. Re1 g5 33. h4 1-0

[Event "Titled Tue 20th May Early"]
[Site "chess.com INT"]
[Date "2025.05.20"]
[Round "6"]
[White "Skliarov, Viktor"]
[Black "Manukian, Artak"]
[Result "1-0"]
[WhiteTitle "IM"]
[WhiteElo "2334"]
[BlackElo "2104"]
[WhiteFideId "14106736"]
[BlackFideId "13301373"]
[EventDate "2025.05.20"]

1. e4 e5 2. Nc3 Bc5 3. Bc4 Nc6 4. Qg4 Kf8 5. Qf3 Nf6 6. Nge2 d6 7. h3 Be6 8. Nd5
Bxd5 9. exd5 Ne7 10. d3 Rb8 11. O-O b5 12. Bb3 a5 13. a4 b4 14. Bg5 Ng6 15. Rad1
h6 16. Bxf6 Qxf6 17. Qxf6 gxf6 18. g3 Kg7 19. d4 Bb6 20. Bc4 f5 21. Kg2 Rbe8 22.
Bb5 Re7 23. c3 bxc3 24. bxc3 h5 25. h4 f4 26. c4 exd4 27. Nxd4 Bxd4 28. Rxd4
fxg3 29. fxg3 Ne5 30. Rdf4 Ng4 31. Rc1 Re2+ 32. Kg1 Rh6 33. c5 Rf6 34. Rxf6 Kxf6
35. cxd6 cxd6 36. Rf1+ Ke7 37. Bxe2 1-0

[Event "Titled Tue 20th May Early"]
[Site "chess.com INT"]
[Date "2025.05.20"]
[Round "6"]
[White "Gelman, Alexander"]
[Black "Kao, Jamison Edrich"]
[Result "1-0"]
[WhiteTitle "IM"]
[BlackTitle "CM"]
[WhiteElo "2403"]
[BlackElo "2018"]
[WhiteFideId "4118316"]
[BlackFideId "6007937"]
[EventDate "2025.05.20"]

1. d4 Nf6 2. Nc3 d5 3. Bf4 g6 4. e3 Bg7 5. Qd2 O-O 6. f3 c5 7. O-O-O Nc6 8. g4
Qa5 9. Kb1 c4 10. e4 dxe4 11. Bxc4 exf3 12. h3 e5 13. dxe5 Nxe5 14. Bb3 Nc6 15.
Nxf3 Rd8 16. Qe3 Re8 17. Qf2 Be6 18. Ng5 Bxb3 19. cxb3 Rad8 20. Rxd8 Rxd8 21.
Re1 h6 22. Nge4 Nxe4 23. Rxe4 Nb4 24. a3 Nd3 25. Qe3 Nxf4 26. Rxf4 Qg5 27. Re4
Qxe3 28. Rxe3 Kf8 29. Kc2 Bf6 30. Ne4 Bd4 31. Rf3 Ke7 32. b4 Rc8+ 33. Kb3 Be5
34. Nc5 b6 35. Nd3 Bd4 36. a4 f6 37. a5 b5 38. Rf4 Bg1 39. Re4+ 1-0

[Event "Titled Tue 20th May Early"]
[Site "chess.com INT"]
[Date "2025.05.20"]
[Round "6"]
[White "Buchenau, Frank"]
[Black "Lyutsinger, Iren"]
[Result "1-0"]
[WhiteTitle "FM"]
[BlackTitle "FM"]
[WhiteElo "2190"]
[BlackElo "2266"]
[WhiteFideId "4604350"]
[BlackFideId "34425969"]
[EventDate "2025.05.20"]

1. e4 c5 2. g3 d5 3. exd5 Qxd5 4. Nf3 Bg4 5. Bg2 Nc6 6. d3 Nd4 7. Nbd2 Qe6+ 8.
Kf1 O-O-O 9. h3 Bxf3 10. Nxf3 f6 11. Nxd4 cxd4 12. c3 Qb6 13. Bd2 e5 14. c4 Bb4
15. Bxb4 Qxb4 16. a3 Qe7 17. c5 Nh6 18. c6 b6 19. Qa4 Qc7 20. Qa6+ Kb8 21. a4
Nf5 22. Ke2 Rhe8 23. Rhc1 e4 24. dxe4 d3+ 25. Kf1 Nd4 26. Qxd3 Re5 27. b4 Nxc6
28. Qc4 Rc8 29. f4 Ree8 30. e5 Nd8 31. Qe4 Qxc1+ 32. Rxc1 Rxc1+ 33. Kf2 Kc7 34.
Qa8 fxe5 35. Qxa7+ Kd6 36. fxe5+ Rxe5 37. Qxb6+ 1-0

[Event "Titled Tue 20th May Early"]
[Site "chess.com INT"]
[Date "2025.05.20"]
[Round "6"]
[White "Darmanin, Jake"]
[Black "Ernst, Robert"]
[Result "1-0"]
[WhiteTitle "CM"]
[BlackTitle "FM"]
[WhiteElo "2065"]
[BlackElo "2340"]
[WhiteFideId "5601061"]
[BlackFideId "1662643"]
[EventDate "2025.05.20"]

1. e4 c5 2. Nf3 d6 3. c3 Nf6 4. h3 g6 5. Bd3 Bg7 6. Bc2 O-O 7. O-O b5 8. d4 Bb7
9. Re1 Nbd7 10. Qe2 b4 11. e5 dxe5 12. dxe5 Nd5 13. c4 Nc7 14. Bf4 Ne6 15. Be3
Bxf3 16. Qxf3 Nxe5 17. Qe2 Nc6 18. Nd2 Bxb2 19. Rad1 Bg7 20. Ne4 Ncd4 21. Qf1
Qc7 22. Bb1 a5 23. f4 a4 24. Qf2 b3 25. g4 f5 26. Nc3 fxg4 27. Nd5 Qd6 28. hxg4
Nc7 29. Be4 Rab8 30. axb3 axb3 31. f5 Nxd5 32. Bxd5+ Kh8 33. Bf4 Qf6 34. Be5 Qg5
35. Bxg7+ Kxg7 36. Qg2 gxf5 37. Rd3 fxg4 38. Rg3 h5 39. Rge3 e6 40. Bxe6 b2 41.
Bf5 Rxf5 42. Re7+ Kf8 43. Qe4 1-0

[Event "Titled Tue 20th May Early"]
[Site "chess.com INT"]
[Date "2025.05.20"]
[Round "6"]
[White "Kosakowski, Jakub"]
[Black "Shuvalova, Polina"]
[Result "1-0"]
[WhiteTitle "GM"]
[BlackTitle "IM"]
[WhiteElo "2530"]
[BlackElo "2494"]
[WhiteFideId "1185080"]
[BlackFideId "24171760"]
[EventDate "2025.05.20"]

1. e4 c6 2. d4 d5 3. e5 Bf5 4. Ne2 e6 5. Ng3 Bg6 6. h4 h5 7. c4 Nd7 8. cxd5 cxd5
9. Nc3 Rc8 10. Bd3 Bxd3 11. Qxd3 a6 12. Nge2 Ne7 13. g3 Nb8 14. Bg5 Qd7 15. Nf4
Nf5 16. O-O Bb4 17. Nce2 Be7 18. Bxe7 Nxe7 19. Rac1 Nbc6 20. Qf3 g6 21. Nd3 b6
22. Rc3 O-O 23. Rfc1 Nf5 24. Qf4 Nce7 25. Qg5 Rxc3 26. Rxc3 Rc8 27. Ndf4 Rxc3
28. Nxh5 Qb5 29. Nxc3 Qxb2 30. g4 Qxc3 31. gxf5 exf5 32. Nf6+ Kg7 33. h5 Qxd4
34. Ne8+ Kf8 35. Nf6 Ng8 36. h6 1-0

[Event "Titled Tue 20th May Early"]
[Site "chess.com INT"]
[Date "2025.05.20"]
[Round "6"]
[White "Malyshev, Vasilij"]
[Black "Ghosh, Chanchal Kumer"]
[Result "1-0"]
[WhiteTitle "IM"]
[BlackTitle "CM"]
[WhiteElo "2353"]
[BlackElo "2018"]
[WhiteFideId "4105346"]
[BlackFideId "10201858"]
[EventDate "2025.05.20"]

1. d4 d5 2. c4 e6 3. Nc3 Nf6 4. cxd5 exd5 5. Bg5 Be7 6. e3 O-O 7. Bd3 a6 8. Nf3
b6 9. O-O Nbd7 10. Ne5 Bb7 11. f4 c5 12. Qf3 h6 13. Bh4 b5 14. a3 b4 15. axb4
cxb4 16. Na4 Ne4 17. Bxe7 Qxe7 18. Nxd7 Qxd7 19. Nb6 Qd6 20. Nxa8 Nd2 21. Qd1
Nxf1 22. Bxf1 Rxa8 23. Ra5 Rc8 24. Bd3 g6 25. h3 Kg7 26. Kh2 Qb6 27. Qa4 Rc6 28.
Rxd5 Re6 29. Re5 Rxe5 30. fxe5 Qc7 31. Qxb4 Qc1 32. Qxb7 Qxe3 33. Qe4 Qf2 34.
Bxa6 Qxb2 35. Be2 Qd2 36. d5 h5 37. d6 h4 38. Bf3 Qg5 39. d7 Qg3+ 40. Kg1 Qg5
41. Qd4 Qd8 42. e6+ 1-0

[Event "Titled Tue 20th May Early"]
[Site "chess.com INT"]
[Date "2025.05.20"]
[Round "6"]
[White "Mansurova, Mumtozbegim"]
[Black "Sarveshwaran V"]
[Result "0-1"]
[WhiteTitle "WCM"]
[BlackTitle "CM"]
[WhiteElo "1768"]
[BlackElo "2290"]
[WhiteFideId "14215780"]
[BlackFideId "25699016"]
[EventDate "2025.05.20"]

1. e4 e5 2. d4 exd4 3. Qxd4 Nc6 4. Qe3 d6 5. Bd2 Be7 6. Nc3 Nf6 7. O-O-O a6 8.
f3 b5 9. Be1 Ng4 10. Qe2 Bg5+ 11. Bd2 Bxd2+ 12. Rxd2 Nge5 13. Qf2 Nc4 14. Bxc4
bxc4 15. Nge2 Rb8 16. Qg3 Qf6 17. Nf4 O-O 18. Nfd5 Qh6 19. f4 f5 20. Nxc7 fxe4
21. Nxe4 Bf5 22. Nxd6 c3 23. bxc3 Qf6 24. Nxf5 Qxf5 25. Qd3 Qf6 26. Qc4+ Kh8 27.
Nd5 Qd6 28. Qa4 Qc5 29. Re1 Rfd8 30. Red1 Na5 31. Qd4 Qa3# 0-1

[Event "Titled Tue 20th May Early"]
[Site "chess.com INT"]
[Date "2025.05.20"]
[Round "6"]
[White "Kozlov, Oleg"]
[Black "Jacobsen, Mikkel Manosri"]
[Result "1-0"]
[WhiteTitle "IM"]
[BlackTitle "FM"]
[WhiteElo "2253"]
[BlackElo "2223"]
[WhiteFideId "4104544"]
[BlackFideId "1444514"]
[EventDate "2025.05.20"]

1. d4 d5 2. c4 e6 3. Nf3 a6 4. cxd5 exd5 5. Nc3 h6 6. Bf4 Nf6 7. Qc2 Bd6 8. Bxd6
Qxd6 9. e3 O-O 10. Bd3 Nc6 11. a3 Ne7 12. O-O g6 13. b4 Bf5 14. Rfc1 c6 15. Na4
Bxd3 16. Qxd3 Nf5 17. Nc5 Qe7 18. a4 Nd6 19. Ne5 Kg7 20. Rab1 Nfe4 21. f3 Ng5
22. Rc2 Rae8 23. Re1 f5 24. Rce2 Ngf7 25. Nxf7 Qxf7 26. Qc2 Re7 27. Nd3 Rfe8 28.
Ne5 Qf6 29. Qc5 Nf7 30. f4 Nd6 31. Qc2 Kh8 32. Rf1 Rg7 33. Rf3 g5 34. fxg5 hxg5
35. g4 f4 36. exf4 gxf4 37. Qd2 Rf8 38. h3 Ne4 39. Qc1 Ng5 40. Rd3 f3 41. Rh2
f2+ 42. Kf1 Nf3 43. Rxf3 Qxf3 44. Nxf3 Rxf3 45. Qh6+ Kg8 46. Qe6+ Kh8 47. Rxf2
Rxh3 48. Rf8+ Kh7 49. Qf5+ Kh6 50. Rh8+ Rh7 51. Rxh7# 1-0

[Event "Titled Tue 20th May Early"]
[Site "chess.com INT"]
[Date "2025.05.20"]
[Round "6"]
[White "Amangeldy, Ernur"]
[Black "Khazhatuly, Alikhan"]
[Result "1-0"]
[WhiteTitle "FM"]
[BlackTitle "CM"]
[WhiteElo "2231"]
[BlackElo "2196"]
[WhiteFideId "13720244"]
[BlackFideId "13731335"]
[EventDate "2025.05.20"]

1. d4 d5 2. Nc3 Bf5 3. Bf4 e6 4. e3 Nf6 5. Nf3 Be7 6. Bd3 Bg6 7. O-O O-O 8. Ne5
Nbd7 9. Nxg6 hxg6 10. Nb5 c5 11. c3 c4 12. Bc2 Qb6 13. a4 a6 14. Na3 Qxb2 15.
Qd2 Bxa3 16. Rfb1 Ne4 17. Rxb2 Bxb2 18. Bxe4 Bxa1 19. Bc2 b5 20. Bd6 Rfc8 21.
Bd1 Rc6 22. Be7 Rb8 23. Qc1 Bxc3 24. Qxc3 bxa4 25. h4 Rb1 26. Qc2 Ra1 27. Bd8
Rc8 28. Be7 Rb8 29. Kh2 a3 30. h5 gxh5 31. Bxh5 Nf8 32. Qc3 Rbb1 33. Bxa3 Ng6
34. Bxg6 fxg6 35. Qa5 Kh7 36. Qc3 Rb3 37. Qxa1 a5 38. Bc1 Rb5 39. Qa4 Rb1 40.
Ba3 c3 41. Qxa5 c2 42. Qc3 1-0

[Event "Titled Tue 20th May Early"]
[Site "chess.com INT"]
[Date "2025.05.20"]
[Round "6"]
[White "Firouzja, Alireza"]
[Black "Kravtsiv, Martyn"]
[Result "0-1"]
[WhiteTitle "GM"]
[BlackTitle "GM"]
[WhiteElo "2757"]
[BlackElo "2598"]
[WhiteFideId "12573981"]
[BlackFideId "14113147"]
[EventDate "2025.05.20"]

1. e4 e5 2. Nf3 Nc6 3. Bc4 Nf6 4. Nc3 Nxe4 5. Nxe4 d5 6. Bd3 dxe4 7. Bxe4 Bd6 8.
O-O O-O 9. Re1 Bg4 10. h3 Bh5 11. d3 f5 12. Bd5+ Kh8 13. c3 Ne7 14. Bg5 c6 15.
Bb3 h6 16. Bxe7 Qxe7 17. Qe2 Qc7 18. Qe3 Rae8 19. Nd2 e4 20. Nc4 Bf4 21. Qxa7
exd3 22. Rf1 Be2 23. Qc5 d2 24. Ne3 Qe5 25. Qxe5 Rxe5 26. Rfd1 Bxd1 27. Rxd1 Rd8
28. Nf1 Re1 29. g3 Bc7 30. Kg2 Bb6 31. Rxd2 Rxd2 32. Nxd2 Re2 33. Nc4 Rxf2+ 34.
Kh1 Bc7 35. g4 f4 0-1

[Event "Titled Tue 20th May Early"]
[Site "chess.com INT"]
[Date "2025.05.20"]
[Round "6"]
[White "Barseghyan, Armen Ar."]
[Black "Gunawardhana, Devindya Oshini"]
[Result "0-1"]
[WhiteTitle "IM"]
[BlackTitle "WIM"]
[WhiteElo "2348"]
[BlackElo "2068"]
[WhiteFideId "13306707"]
[BlackFideId "29941482"]
[EventDate "2025.05.20"]

1. Nf3 Nf6 2. c4 e6 3. Nc3 d5 4. d4 Bb4 5. cxd5 exd5 6. Bf4 O-O 7. e3 b6 8. Bd3
Bd6 9. Ne5 a6 10. O-O Bb7 11. Rc1 Nbd7 12. Qe2 Re8 13. Nxd7 Qxd7 14. Bxd6 Qxd6
15. Rfd1 Rad8 16. h3 b5 17. a3 Nd7 18. Bb1 h6 19. Na2 c5 20. Qc2 c4 21. Qh7+ Kf8
22. Bf5 Qf6 23. Bxd7 Rxd7 24. Nc3 Rdd8 25. Rb1 Bc8 26. Qc2 Bf5 27. Qd2 Bxb1 28.
Rxb1 Kg8 29. b4 cxb3 30. Rxb3 Qc6 31. Ne2 Rc8 32. Rb2 Re7 33. g3 Rec7 34. Kg2
Qg6 35. h4 Rc2 36. Rxc2 Qxc2 37. Qe1 Qe4+ 38. Kg1 Rc2 39. Nf4 Rb2 40. Kh2 Rb1 0-1